Turbo Pascal Express /

Guardado en:
Detalles Bibliográficos
Autor principal: Jourdain, Robert (Autor)
Formato: Libro
Publicado: New York : A Brady Utility, 1988
Etiquetas: Agregar Etiqueta
Sin Etiquetas, Sea el primero en etiquetar este registro!

MARC

LEADER 00000nam a22000003a 4500
001 stu48495
005 20150617225712.5
008 ------s1988----xxu---------------------d
040 |a STU  |b slo 
041 0
044 |a xxu 
080 |a 681.3.06 
100 1 |a Jourdain, Robert  |4 aut 
245 1 |a Turbo Pascal Express /  |c [aut.] Jourdain,Robert 
260 |a New York :  |b A Brady Utility,  |c 1988 
300 |a 394 s 
996 |b J83186  |c J*83186/K 1  |l JJK1  |s P  |a 0  |w stu48495_0001